000 00401nam a2200181Ia 4500
001 14364
005 20260306164908.0
008 260306t2008||||xx |||||||||||||| ||spa||
041 _aESP
082 _a512.5
_bG82 2008
100 _aGrossman S., Stanley I.
_eAUT
245 0 _aÁlgebra lineal
260 _c2008
300 _a
_c
650 _aGEN
654 _aCMA
942 _cLIB
_dJUS
_fJUS
_2ddc
_n
999 _c14364
_d14364